Séries TV par métiers (et noms des personnages) - Statistiques

Statistiques générales
  • Ce quiz a été pris 380 fois
  • Le résultat moyen est 8 sur 20
Statistiques - réponses
Hint Réponse % Correct
Décoratrice d'intérieur (Lynette Scavo) Desperate Housewives
77%
Massothérapeutre (Phoebe Buffay) Friends
66%
Inspectrice, Négociatrice de la Police (Raquel Murillo) La Casa de Papel
66%
Gérant de Librairie (Joe Goldberg) You
61%
Analyste Technique et Agent de Liaison (Penelope Garcia) Esprits Criminels
55%
Directeur de laboratoire criminel (Horatio Caine) Les Experts : Miami
55%
Serveuse (Penny) The Big Bang Theory
55%
Bibliothécaire de Lycée (Rupert Giles) Buffy contre les Vampires
43%
Médecin (Sara Tancredi) Prison Break
42%
Employé de Bureau (Hal Wilkerson) Malcolm
38%
Chirurgien Esthétique (Christian Troy) Nip/Tuck
38%
Pasteur (Eric Camden) Sept à la maison
38%
Officier de Police (Maurice "Bosco" Boscorelli) New York 911
32%
Prêtre (Gabriel Stokes) The Walking Dead
27%
PDG de Vought (Stanford "Stan" Edgar) The Boys
26%
Spécialiste en Criminalistique (Vince Masuka) Dexter
25%
Infirmière En Chef (Carla Espinosa) Scrubs
22%
Réceptionniste (Jerry Markovic) Urgences
17%
Sergent (Rita Lee Lance) Les Dessous de Palm Beach
16%
Technologue en radiologie (Maria Schrader) Breaking Bad
15%
Aucun quiz correspondant
Distribution des résultats
% des personnes avec chaque résultat
Percentile par nombre de réponses
Votre historique - résultats
Vous n’avez pas pris ce quiz